000 01085cam a2200301 a 4500
001 5309531
005 20180814070706.0
008 970122s1996 ja a b 000 0 jpn
010 _a 97458484
035 _a(CStRLIN)DCLP97-B805
040 _aDLC-R
_cDLC-R
_dDLC
041 0 _ajpneng
043 _aa-ja---
066 _c$1
080 _a33
100 _a59
101 _aBUS
245 0 0 _6880-01
_aKigyō keiei no kontei o nasu Eigo komyunikēshon =
246 3 1 _aInternational business communication
504 _aIncludes bibliographical references.
880 0 0 _6245-01/$1
_a企業経営の根底をなす英語コミュニケ-ション =
_bInternational business communication.
880 _6260-02/$1
_a東京 :
_b早稲田大学産業経営研究所,
_c1996.
880 1 _6490-03/$1
_a産研シリーズ =
_aSanken series ;
_v28
880 2 _6710-04/$1
_a早稲田大学.
_b産業経営研究所.
880 0 _6830-05/$1
_a産研シリーズ ;
_v28
906 _a7
_bcbc
_corignew
_d3
_encip
_f19
_gy-rlinjack
942 _2ddc
_cBK
999 _c47129
_d47129